Flagi państw uczestniczących w Euro 2020 - Statystyki

Ogólne statystyki
  • Ten quiz został rozwiązany 21 637 razy
    19 877 od ostatniego zresetowania
  • Średni wynik to 23 z 24
Statystyki odpowiedzi
Obrazkowy Odpowiedź % Poprawnych
Francja
100%
Czechy
99%
Hiszpania
99%
Niemcy
99%
Polska
99%
Ukraina
99%
Włochy
99%
Belgia
98%
Portugalia
98%
Rosja
98%
Szwajcaria
98%
Szwecja
98%
Turcja
98%
Austria
97%
Chorwacja
97%
Finlandia
97%
Dania
96%
Holandia
96%
Słowacja
96%
Anglia
95%
Węgry
95%
Macedonia Północna
94%
Walia
93%
Szkocja
91%
Nie znaleziono quizów pasujących do podanych kryteriów
Rozkład punktacji
Procent ludzi z każdym wynikiem
Percentyl według liczby udzielonych odpowiedzi
Twoja historia wyników
Nie rozwiązałeś tego quizu od ostatniego zresetowania